| 000 | 00000nam##2200000za#4500 |
| 001 | 9.613920 |
| 003 | CaOODSP |
| 005 | 20210929082757 |
| 007 | ta |
| 008 | 150406|1997||||xxc||||| f|0| 0 eng|d |
| 020 | |a0-662-25896-7 |
| 022 | |a1209-6571 |
| 040 | |aCaOODSP|beng |
| 043 | |an-cn--- |
| 086 | 1 |aFo29-47/6-1997E |
| 110 | 1 |aCanada. |bNatural Resources Canada. |bCanadian Forest Service. |
| 245 | 10|aPredicting forest floor moisture contents from Duff Moisture Code values|cby B. D. Lawson et al. |
| 260 | |aVictoria - British Columbia : |bNatural Resources Canada. |c1997. |
| 300 | |a6p. : |bfigs., references, tables ; |c28 cm. |
| 490 | 1 |aTechnology transfer note|x1209-6571|v6 |
| 563 | |aPamphlet |
| 590 | |a97-48|b1997-11-28 |
| 690 | 07|aForests|2gcpds |
| 720 | 1 |aLawson, B. D. |
| 776 | 0#|tPredicting forest floor moisture contents from duff moisture code values|w(CaOODSP)9.572360 |
| 830 | #0|aTechnology transfer note,|x1209-6571|v6|w(CaOODSP)9.514646 |